000
00299nam a2200121Ia 4500
008
210430s9999 xx 000 0 und d
082
_a
495 J415C
100
_a
Javed ,Syed Hasan
245
_a
Chinese Made Easy
_c
Javed ,Syed Hasan
260
_a
karachi
_c
2012
300
_a
187p.
942
_c
BK
_2
ddc
999
_c
565876
_d
565876